Central Library OPAC University of Rajshahi

Aquaculture project formulation / (Record no. 54078)

MARC details
000 -LEADER
fixed length control field 00978nam a2200313 a 4500
001 - CONTROL NUMBER
control field 54078
003 - CONTROL NUMBER IDENTIFIER
rucl marc code BD-RJUL
005 - DATE AND TIME OF LATEST TRANSACTION
control field 20211209080053.0
008 - FIXED-LENGTH DATA ELEMENTS--GENERAL INFORMATION
fixed length control field 161101s1990 ii a b i000 0 eng d
020 ## - INTERNATIONAL STANDARD BOOK NUMBER
International Standard Book Number 9251030197
International Standard Book Number 8170351502
035 ## - SYSTEM CONTROL NUMBER
System control number (BD-RJUL)54200
040 ## - CATALOGING SOURCE
Original cataloging agency DJB
Transcribing agency DJB
Modifying agency AGL
-- BD-RJUL
Language of cataloging eng
041 ## - LANGUAGE CODE
Language code of text/sound track or separate title eng
070 0# - NATIONAL AGRICULTURAL LIBRARY CALL NUMBER
Classification number SH1.F2
Item number no.316
072 #0 - SUBJECT CATEGORY CODE
Subject category code M120
082 ## - DEWEY DECIMAL CLASSIFICATION NUMBER
Edition number 23
Classification number 639.8
Author mark and year INA 1995
100 1# - MAIN ENTRY--PERSONAL NAME
Personal name Insull, David.
9 (RLIN) 161458
245 10 - TITLE STATEMENT
Title Aquaculture project formulation /
Statement of responsibility, etc. by David Insull and Colin E. Nash.
260 ## - PUBLICATION, DISTRIBUTION, ETC. (IMPRINT)
Place of publication, distribution, etc. Rome :
Name of publisher, distributor, etc. Food and Agriculture Organization of the United Nations,
Date of publication, distribution, etc. c1995
300 ## - PHYSICAL DESCRIPTION
Pagination xi, 129 p. :
Illustrations ill. ;
Size 30 cm.
500 ## - GENERAL NOTE
General note Includes index
650 #0 - SUBJECT ADDED ENTRY--TOPICAL TERM
Topical term or geographic name as entry element Aquaculture.
9 (RLIN) 161459
Topical term or geographic name as entry element Fisheries.
9 (RLIN) 144792
700 1# - ADDED ENTRY--PERSONAL NAME
Personal name Nash, Colin E.
710 2# - ADDED ENTRY--CORPORATE NAME
Corporate name or jurisdiction name as entry element Food and Agriculture Organization of the United Nations.
9 (RLIN) 133746
830 #0 - SERIES ADDED ENTRY--UNIFORM TITLE
Uniform title FAO fisheries technical paper ;
Volume number/sequential designation 316
942 ## - ADDED ENTRY ELEMENTS (KOHA)
Source of classification or shelving scheme Dewey Decimal Classification
Koha item type Books
Holdings
Lost status Source of classification or shelving scheme Damaged status Not for loan Collection code Permanent Location Current Location Shelving location Date acquired Source of acquisition Cost, normal purchase price Total Checkouts Full call number Date last seen Copy number Koha item type
  Dewey Decimal Classification     Non-fiction Central Library, University of Rajshahi Central Library, University of Rajshahi   19/04/2008 Dhaka paragon enterprises ltd. 340.00   639.8 INA 1995 01/11/2016 C-2 Books
  Dewey Decimal Classification   Not For Loan Non-fiction Central Library, University of Rajshahi Central Library, University of Rajshahi Reading Room 19/04/2008 Dhaka, Paragon Enterprises Ltd. 340.00   639.8 INA 1995 18/04/2017 C-1 Books